| 000 | 01815cam a2200421 a 4500 | ||
|---|---|---|---|
| 001 | 17347035 | ||
| 003 | ARRUPE | ||
| 005 | 20131129112321.0 | ||
| 008 | 120614s2012 nyua b 001 0 eng d | ||
| 010 | _a 2011277696 | ||
| 020 | _a9780465028283 (hbk.) | ||
| 020 | _a0465028284 (hbk.) | ||
| 035 | _a(OCoLC)ocn744287619 | ||
| 040 |
_aBTCTA _beng _cBTCTA _dYDXCP _dBDX _dOPW _dCLE _dIHZ _dUPZ _dDLC |
||
| 042 | _alccopycat | ||
| 043 | _aa-cc--- | ||
| 050 | 0 | 0 |
_aHC427.95 _b.M69 2012 |
| 082 | 0 | 0 |
_a333.70951 _223 |
| 100 | 1 |
_aMoyo, Dambisa. _94393 |
|
| 245 | 1 | 0 |
_aWinner take all : _bChina's race for resources and what it means for the world / _cDambisa F. Moyo. |
| 260 |
_aNew York : _bBasic Books, _cc2012. |
||
| 300 |
_aviii, 257 p. : _bill. ; _c24 cm. |
||
| 504 | _aIncludes bibliographical references (p. 239-245) and index. | ||
| 520 | _aDiscusses the commodity dynamics that the world will face over the next several decades and, in particular, the implications of China's rush for resources across all regions of the world. | ||
| 650 | 0 |
_aIndustrialization _zChina. _94394 |
|
| 650 | 0 |
_aCommodity control. _94395 |
|
| 650 | 0 |
_aCommodity exchanges. _94396 |
|
| 650 | 0 |
_aPower resources _xEconomic aspects. _94397 |
|
| 650 | 0 |
_aNatural resources. _94398 |
|
| 650 | 0 |
_aInvestments, Foreign _zChina. _94399 |
|
| 651 | 0 |
_aChina _xForeign economic relations. _94400 |
|
| 651 | 0 |
_aChina _xEconomic policy _y2000- _94401 |
|
| 856 | 4 | 2 |
_3Contributor biographical information _uhttp://www.loc.gov/catdir/enhancements/fy1212/2011277696-b.html |
| 856 | 4 | 2 |
_3Publisher description _uhttp://www.loc.gov/catdir/enhancements/fy1212/2011277696-d.html |
| 906 |
_a7 _bcbc _ccopycat _d2 _encip _f20 _gy-gencatlg |
||
| 942 |
_2lcc _cMONOGRAPH |
||
| 999 |
_c118849 _d118849 |
||